| 000 | 00822nam a22002297a 4500 | ||
|---|---|---|---|
| 999 |
_c7098 _d7098 |
||
| 003 | AR-CdUCM | ||
| 008 | 190319b ||||| |||| 00| 0 spa d | ||
| 040 |
_aMUNICIPALIDAD PROVINCIAL DEL CUSCO _cBIBLIOTECA MUNICIPAL DEL CUSCO |
||
| 082 |
_24ed. _a530.76 / _bB87 |
||
| 100 |
_aBuchwald, Eberhard _919994 |
||
| 245 | _aIntroducción a la optica Cristalografica / | ||
| 260 |
_aMexico : _bHispano Americana, _c1966. |
||
| 300 |
_a158 paginas ; _bIlustraciones, graficos, _c17 cm. |
||
| 505 | _aContenido: doble rafracción y polarización -- fenomenos de interferencia -- poder rotatorio -- optica reticular | ||
| 650 |
_aOptica _919995 |
||
| 650 |
_aVisible _919996 |
||
| 650 |
_aLuz polarizada _919997 |
||
| 650 |
_arefracción _919998 |
||
| 700 |
_aTeresa Toral, Maria _919999 |
||
| 942 |
_2ddc _cLIBROS |
||
| 945 | _apjha | ||